00607 a2200193 4500003000500000005001700005010001700022020002500039040000900064082001400073100002200087245007600109250001300185260004300198300000900241505013000250650001600380650001700396Nust20230321120859.0 a 2009035734 a9780273723950 (pbk.) cNust00a657.2,CRO1 aCropper, Cuthbert10aBook-keeping and accounts :ca textbook for students /bCuthert Cropper a18th ed. aNew York :bMacdonald and evansc1945. a946p0 aElementary (Page-1), Elementary Practical Book Keeping (Page-21), Practical Accounting (Page-206), Examinations (Page-600).  0aAccounting. 0aBookkeeping.